Η εξέλιξη του κόσμου

Αποθηκεύτηκε σε:
Λεπτομέρειες βιβλιογραφικής εγγραφής
Κύριος συγγραφέας: Saville, David, 1946-
Άλλοι συγγραφείς: Martin, Josephine (Εικονογράφος), Σοφιού, Άννα (trlf)
Μορφή: Βιβλίο
Γλώσσα:Greek
English
Δημοσίευση: [Αθήνα] : Κωσταράκης, 1992.
Θέματα:
Ετικέτες: Προσθήκη ετικέτας
Δεν υπάρχουν, Καταχωρήστε ετικέτα πρώτοι!

MARC

LEADER 00000cam a2200000 i 4500
001 1/81380
008 960829s1992 gr | ||| |||| ||gre||
020 |a 9607122119 
035 |a 1995  |b 3  |c Μαμαλίγκα  |l 10033678 
040 |a GR-MY-UA  |b gre  |e aacr 
041 1 |a gre  |h eng 
082 7 |a 575   |2 (22) 
100 1 |a Saville, David,   |d 1946- 
245 1 2 |a Η εξέλιξη του κόσμου /   |c David Saville ; μετάφραση: Άννα Σοφιού ; εικονογράφηση: Josephine Martin.  
260 |a [Αθήνα] :   |b Κωσταράκης,   |c 1992.  
300 |a 32 σ. :   |b εικ. ;   |c 29 εκ.  
500 |a Τίτλος πρωτοτύπου: Evolution of the world.  
650 0 0 |a Evolution (Biology)  |x Juvenile literature. 
650 0 0 |a Toy and movable books. 
650 0 0 |a Toy and movable books  |x Specimens. 
651 0 |a Earth  |x Origin  |x Juvenile literature. 
700 1 |a Martin, Josephine,  |e ill 
700 1 |a Σοφιού, Άννα,  |e trlf 
852 |a INST  |b RHODES  |e 19960829  |h 575 SAV  |p 005400011581  |q 005400011581  |t BK  |y 0 
909 |a Ρ  |b 043912 
970 |a ΧΟΡΟΖΙΔΟΥ  |b ΤΖΕΝΗ  |z 2000/02/14